Statistics for South America Flags Map Quiz

Click here to take the quiz!

General Stats

  • This quiz has been taken 5,027 times
  • The average score is 10 of 14

Answers on the Map

Answers color-coded by a green-red scale on the quiz's map according to % correct below.
Loading ...
 

Answer Stats

Answer% Correct
98%
94%
88%
85%
79%
77%
77%
76%
71%
68%
66%
57%
57%
50%

Score Distribution

Percentile by Number Answered

Percent of People with Each Score

Your Score History

You have not taken this quiz